000 00310nam a2200145 i 4500
001 bg
245 0 _aAnglo-russkij slovar'.
250 _aIzd.7 perer. i dopol.
260 _aMoskwa,
_c1960.
040 _cBPK
041 _apol
080 _a802.0
942 _cKS
008 s pl f |000 0 pol
999 _c8312
_d8312